Top 10 DEs of All Time - Statistics

General Stats
  • This quiz has been taken 23 times
  • The average score is 5 of 10
Answer Stats
Defensive End % Correct
Reggie White
78%
Bruce Smith
72%
Jason Taylor
72%
Deacon Jones
56%
Michael Strahan
56%
J.J. Watt
50%
Julius Peppers
33%
Chris Doleman
22%
Jared Allen
17%
Charles Haley
6%
No matching quizzes found
Score Distribution
Percent of People with Each Score
Percentile by Number Answered
Your Score History
You have not taken this quiz